Datum a čas kvízu
29
Celkem bodů
Celkový počet nahraných bodů na tomto kvízu bez doplňovacích otázek.
5.
Pořadí na kvízu
Konečné umístění týmu na tomto kvízu.
Zaznamenané odpovědi
| # | Otázka | Odpověď | Body | Výsledky |
|---|---|---|---|---|
| 2. | Minulý týden došlo ke ztrátě j... | kytarou | 1 | |
| 3. | Jak si říká anglický zpěvák, k... | Yungblud | 1 | |
| 4. | Kim Kardashian minulý týden př... | Jsou chlupaté. | 0 | |
| 5. | Při pokračování kvalifikace fo... | D) krysa | 0 | |
| 1. | Minulý čtvrtek byl na několik... | Metrouš | 1 | |
| 6. | Napište jméno pouště na obrázk... | Namib (Namibská poušť) | 1 | |
| 7. | Uveďte, kterým čtyřpísmenným p... | vádí | 0 | |
| 8. | Vyberte, se kterým živočichem... | B | 1 | |
| 9. | Vojáci Československého pěšího... | Tobruk | 1 | |
| 10. | Který spisovatel je autorem vě... | Frank Herbert | 1 |